000 00227nam a2200097Ia 4500
008 240331s9999 xx 000 0 und d
082 _a303.4
_bSRI
100 _aSrinivas, M.N.
245 0 _aSocial change inmodern India
942 _cL
999 _c1224
_d1224